Friends - Statistics

General Stats
  • This quiz has been taken 67 times
  • The average score is 10 of 15
Answer Stats
Hint Answer % Correct
The one who is scared by "Michael Flatley lord of the dance" Chandler Bing
91%
The one who say "How you doin'" Joey Tribbiani
90%
The one who stole "Science boy" Phoebe Buffay
86%
The one who never live alone Rachel Green
81%
The one who is in love with Rachel Gunther
79%
Oh my god Janice
79%
The one who is fine Ross Geller
79%
Ross and Rachel's daughter Emma
78%
A little monkey Marcel
78%
Joey's agent Estelle
76%
The one who know Monica Geller
62%
A great song Smelly cat
55%
An old man who doesn't like noise M. Heckles
48%
The fake adress given to Janice 15 yemen road, yemen
36%
Joey and Chandler's pets' name The chick and the duck
9%
No matching quizzes found
Score Distribution
Percent of People with Each Score
Percentile by Number Answered
Your Score History
You have not taken this quiz